000 00962nam a2200253Ia 4500
003 OSt
005 20220923224300.0
006 a|||||r|||| 00| 0
007 ta
008 220922b |||||||| |||| 00| 0 hin d
024 _a230,526
037 _cTextual
040 _aARTS
_cARTS
_bhin
041 _2hin
_ahin
082 _aO152,3M83x, M8
100 _aमनोहर लाल, संपा.
245 0 _aचन्द्रधर शर्मा गुलेरी प्रणीत पुरानी हिन्दी और शेष रचनाएं
246 _aChandradhar sharmā gulerī praṇīt purānī hindī aur sheṣh rachanāean
260 _aनयी दिल्ली
_b किताबघर
_c1988
300 _a442पृ.
_ccm.
650 _aहिन्दी साहित्य
_9156264
942 _hO152,3M83x, M8
_cTEXL
_2CC
999 _c370376
_d370376